Music Quiz

Random Music or Country Music Quiz

Top 70 Country Songs of 2014 Quiz Stats

 Plays Quiz not verified by Sporcle

Score 0/70 Timer 10:00
0 Plays Today
Artist Song % Correct
Jason AldeanBurnin It Down
80.2%
Lady AntebellumBartender
77.7%
Brett EldredgeBeat Of The Music
76.9%
Cole SwindellChillin It
76.9%
Florida Georgia Line Ft. Luke BryanThis Is How We Roll
76.9%
Dierks BentleyDrunk On A Plane
76%
Lee BriceI Dont Dance
74.4%
Miranda Lambert & Carrie UnderwoodSomethin Bad
74.4%
Brantley GilbertBottoms Up
73.6%
Luke BryanPlay It Again
72.7%
Thomas RhettGet Me Some Of That
71.1%
Eric PaslayFriday Night
71.1%
Florida Georgia LineDirt
71.1%
Jerrod NiemannDrink To That All Night
70.2%
Luke BryanDrink A Beer
70.2%
Luke BryanRoller Coaster
70.2%
ParmaleeCarolina
69.4%
Keith Urban & Miranda LambertWe Were Us
69.4%
Florida Georgia LineStay
68.6%
Eric ChurchGive Me Back My Hometown
68.6%
Miranda LambertAutomatic
68.6%
Tim Mcgraw Ft. Faith HillMeanwhile Back At Mamas
68.6%
Tyler FarrWhiskey In My Water
67.8%
Chase RiceReady Set Roll
67.8%
Frankie BallardSunshine and Whiskey
67.8%
Sam HuntLeave The Night On
67.8%
Joe NicholsYeah
66.9%
Cole SwindellHope You Get Lonely Tonight
66.9%
Jake OwenBeachin
66.1%
Kenny ChesneyAmerican Kids
66.1%
David NailWhatever Shes Got
65.3%
Brantley Gilbert Ft. Justin Moore & Thomas RhettSmall Town Throwdown
65.3%
Scotty MccreerySee You Tonight
64.5%
Little Big TownDay Drinking
64.5%
Jason AldeanWhen She Says Baby
63.6%
Artist Song % Correct
Justin MooreLettin The Night Roll
63.6%
Lady AntebellumCompass
63.6%
Dustin LynchWhere Its At
63.6%
Randy HouserGoodnight Kiss
62.8%
Chris YoungWho I am With You
62.8%
Billy CurringtonWe Are Tonight
62%
Joe NicholsSunny and 75
62%
Dierks BentleyI Hold On
61.2%
Big & RichLook At You
61.2%
ParmaleeClose Your Eyes
61.2%
Dan + Shay19 You And Me
60.3%
Cassadee PopeWasting All These Tears
60.3%
Rascal FlattsRewind
59.5%
Brad PaisleyRiver Bank
59.5%
Danielle BradberyThe Heart Of Dixie
59.5%
Chris YoungAw Naw
58.7%
Frankie BallardHelluva Life
58.7%
Keith UrbanCop Car
58.7%
Eli Young BandDust
58.7%
The Band PerryChainsaw
58.7%
Blake SheltonDoin What She Likes
57.9%
Craig campbellKeep Them Kisses Comin
57.9%
Swon BrothersLater On
57.9%
George StraitI Got A Car
57.9%
Blake SheltonMy Eyes
57%
Darius RuckerRadio
56.2%
Blake SheltonMine Would Be You
56.2%
Eric PaslaySong About A Girl
56.2%
Eli Young BandDrunk Last Night
55.4%
Zac Brown BandSweet Annie
54.5%
Tim McgrawSouthern Girl
53.7%
Jon PardiUp All Night
53.7%
Thompson SquareEverything I Shouldnt Be Thinkin About
51.2%
Craig MorganWake Up Lovin You
50.4%
The Band PerryDont Let Me Be Lonely
48.8%

You're not logged in!

Compare scores with friends on all Sporcle quizzes.
OR
Log In

Sporcle TV

Today on Sporcle TV


Watch our educational content, quiz creation guides, and fun videos on Sporcle TV.

Show Comments

Extras

Top Quizzes Today


Score Distribution

Your Account Isn't Verified!

In order to create a playlist on Sporcle, you need to verify the email address you used during registration. Go to your Sporcle Settings to finish the process.

Report this User

Report this user for behavior that violates our Community Guidelines.

Details: